| 000 | 01191cam a2200277 4500 | ||
|---|---|---|---|
| 001 | ABS66982 | ||
| 008 | 030815n2003 000 0 eng u | ||
| 035 | _a(Sirsi) u123279 | ||
| 100 | _aRoss, K. | ||
| 245 | _aPrepare the ground to stop contaminated land disputes | ||
| 260 | _c2003 | ||
| 490 |
_aJournal of the Law Society of Scotland _v48(6) June 2003, 55-56(2) |
||
| 520 | _aProvides guidance to Scottish solicitors on how to avoid or deal with disputes over contaminated land, looking at greater depth at the specific provisions contained in the "Contaminated land information" leaflet. Solicitors need to consider whether contamination is an issue and whether the transaction is a purchase, heritable security or lease. Advises that solicitors should keep issues of contamination in mind and advise clients according to the type of transaction involved. | ||
| 590 | _aABS | ||
| 650 | _aCONTAMINATED LAND | ||
| 650 | _aCONVEYANCING | ||
| 650 | _aSOLICITORS | ||
| 650 | _aSCOTLAND | ||
| 650 | _aLEASES | ||
| 650 | _aTRANSACTIONS | ||
| 650 | _aDISPUTES | ||
| 650 | _aHERITABLE SECURITIES | ||
| 650 | _aPURCHASES | ||
| 690 | _aENVIRONMENT-CONTAMINATION | ||
| 942 | _n0 | ||
| 999 |
_c73226 _d73226 |
||